Statistiques concernant Frères célèbres

Cliquez ici pour prendre le quiz!

Statistiques générales

  • Ce quiz a été pris 131 fois
  • Le résultat moyen est 11 sur 26

Statistiques - réponses

PrénomsIndiceRéponse% Correct
Auguste et Louisinventeurs - cinémaLumiere
93%
Joe, William, Jack et Averellpersonnages de BDDalton
87%
Nikola et LukahandballKarabatic
68%
Joseph et Etienneballon à air chaudMontgolfier
67%
Jacob et Wilhelmcontes populaires allemandsGrimm
67%
Michael et Ralphformule 1Schumacher
66%
John, Robert et Tedpoliticiens américainsKennedy
66%
Igor et Grichkatemps XBogdanoff
63%
Eric et JoëlfootballCantona
58%
Frank et AndycyclismeSchleck
45%
Pau et Marcbasket ball - espagnolsGasol
44%
Philippe et Françoiscinéma et politiqueLeotard
41%
André et JordanfootballAyew
39%
Bruno et BenoitfootballCheyrou
34%
Marc et ThomasrugbyLievremont
34%
Jules et Edmondlittérature - prixGoncourt
34%
Nicolas et Julientennis et footballEscudé
33%
Alexandre et SimoncinémaAstier
29%
Franck, Fabrice et ChristopheboxeTiozzo
26%
Claude et WalterrugbySpanghero
23%
Marc et Pierrecinéma -théâtreJolivet
22%
Mirco et MaurorugbyBergamasco
21%
André et GuyrugbyBoniface
15%
Guy et LilianrugbyCamberabero
13%
Maurice et JeanrugbyPrat
6%
Bernard et GeorgesfootballLech
5%

Distribution des résultats

Percentile par nombre de réponses

% des personnes avec chaque résultat

Votre développement - résultats

Vous n’avez pas pris ce quiz